LEADER 01032nam a2200205 i 4500 001 000000191003 003 CaOOAMICUS 005 20230609113602.0 008 100713s1902 it u000 u fre u 040 $aSeMil$bita 245 03$aLa Nonciature Apostolique au Brésil. Première partie :$bAperçu historique accompagné de documents officiels et d'une annexe contenant trois articles publiés sur cette question. 264 1$aRome :$b[s.n.],$c1902. 300 $aVI, 31 p. ;$c35 cm. 500 $aRilegato con :3G VI 11/2 650 4$aBrasile - Evangelizzazione.$0(OLS)http://semarc/subject/20839 850 $aSeMil 852 $aSeMil$W1$xVenegono$y1$m3G VI 11/1$j141617$B141617$CSeMilBibl$Z2$F153166 $81 996 $6245$aLa Nonciature Apostolique au Brésil. Première partie :$bAperçu historique accompagné de documents officiels et d'une annexe contenant trois articles publiés sur cette question$9(OLS)http://semarc/title/275234 996 $6264$aRome :$b[s.n.]$9(OLS)http://semarc/publisher/30491 LEADER 00936nam a2200241 i 4500 001 000000075076 003 CaOOAMICUS 005 20240229155149.0 008 070704s1923 fr u000 u fre u 013 $a46248 040 $aSeMil$bita 100 1 $aHello, Ernest <1828-1885>.$0(OLS)http://semarc/name/22570 245 14$aLes plateaux de la balance /$cErnest Hello ; avec une introduction de M. Georges Goyau. 260 $aParis :$bPerrin,$c1923. 300 $aXI, 343 p. ;$c18 cm. 650 4$aCritica letteraria.$0(OLS)http://semarc/subject/5094 700 1 $aGoyau, Georges <1869-1939>.$0(OLS)http://semarc/name/7044 850 $aSeMil 852 $aSeMil$W1$xVenegono$y1$m1R I 107$j246652$B41228$CSeMilBibl$Z2$F41232 $81 961 $aRecupero: Altro 996 $6245$aLes plateaux de la balance$9(OLS)http://semarc/title/121820 996 $6260$aParis :$bPerrin$9(OLS)http://semarc/publisher/32499